| 000 | 00483nam a2200181Ia 4500 | ||
|---|---|---|---|
| 001 | 62118 | ||
| 008 | 141119s9999 xx 000 0 und d | ||
| 020 | _a096851992X | ||
| 040 | _cPK-LaUMT | ||
| 082 |
_a 155.937083 _bLOW-C |
||
| 100 | _aLowenstein, Liana | ||
| 245 |
_aCreative interventions for bereaved children _cLowenstein, Liana |
||
| 260 |
_aToronto,Canada: _bChampion Press, _c2006 |
||
| 300 | _a194 p. | ||
| 546 | _aEN | ||
| 650 | _aBereavement in children | ||
| 942 | _cBK | ||
| 999 |
_c62548 _d62548 |
||